Byzantium, 330-1453 /

محفوظ في:

المؤلف الرئيسي: Cormack, Robin.

مؤلف مشترك: Royal Academy of Arts (Great Britain)

مؤلفون آخرون: Vasilakē, Maria.

التنسيق: كتاب

اللغة: English

منشور في: London : Royal Academy of Arts, 2008.

الموضوعات:

الوسوم: إضافة وسم

لا توجد وسوم, كن أول من يضع وسما على هذه التسجيلة!

رقم الطلب: N6250 .C67 2008

LEADER 00749nam a2200241Ia 4500
003 OSt
005 20250824072716.0
008 080703s2008 enka 000 0 eng
020 |a 9781905711260 (hbk.) 
040 |c ARCE Library 
050 4 |a N6250 .C67 2008 
100 1 |a Cormack, Robin. 
245 1 0 |a Byzantium, 330-1453 /   |c Robin Cormack and Maria Vassilaki. 
264 1 |a London :   |b Royal Academy of Arts,   |c 2008. 
300 |a 494 p. :   |b ill. ;   |c 31 cm. 
650 0 |a Art objects, Byzantine   |v Exhibitions. 
650 0 |a Art, Byzantine   |v Exhibitions. 
650 0 |a Byzantine antiquities   |v Exhibitions. 
700 1 |a Vasilakē, Maria. 
710 2 |a Royal Academy of Arts (Great Britain) 
901 |a reviewed 
942 |2 lcc  |c BK 
999 |c 47438  |d 47438